[Event "Olympiad Women-44"]
[Site "Chennai"]
[Date "2022.08.03"]
[Round "6.1"]
[White "Deng, Jing Xin Crystal"]
[Black "Mpinganjira, Ellen"]
[Result "1-0"]
[WhiteElo "1914"]
[BlackElo "1334"]
[PlyCount "57"]
[EventDate "2022.07.29"]
[EventType "team-swiss"]
[EventRounds "11"]
[EventCountry "IND"]
[SourceTitle "CBM 210"]
[Source "ChessBase"]
[SourceDate "2022.10.31"]
[SourceVersion "1"]
[SourceVersionDate "2022.10.31"]
[SourceQuality "1"]
[WhiteTeam "Hong Kong (W)"]
[BlackTeam "Malawi (W)"]
[WhiteTeamCountry "HKG"]
[BlackTeamCountry "MWI"]

1. d4 c5 2. d5 d6 3. c4 g6 4. Nc3 Bg7 5. e4 Na6 6. h3 Nf6 7. Nf3 Nc7 8. Bd3 a6 9. a4 Bd7 10. 0-0 0-0 11. Re1 Re8 12. Bf1 Qc8 13. Bf4 Qd8 14. Qd2 Bc8 15. Rad1 b6 16. e5 dxe5 17. Nxe5 Bb7 18. Qe3 Nd7 19. Nc6 Bxc6 20. dxc6 Bd4 21. Qg3 Ne6 22. cxd7 Qxd7 23. Nd5 Qb7 24. Be5 Rad8 25. Bxd4 Nxd4 26. Qg5 f6 27. Qg4 Kf7 28. Bd3 e6 29. Qh4 1-0

[Event "Olympiad Women-44"]
[Site "Chennai"]
[Date "2022.08.01"]
[Round "4.2"]
[White "Martins, Katlene Jussara"]
[Black "Deng, Jing Xin Crystal"]
[Result "0-1"]
[WhiteElo "1287"]
[BlackElo "1914"]
[PlyCount "36"]
[EventDate "2022.07.29"]
[EventType "team-swiss"]
[EventRounds "11"]
[EventCountry "IND"]
[SourceTitle "CBM 210"]
[Source "ChessBase"]
[SourceDate "2022.10.31"]
[SourceVersion "1"]
[SourceVersionDate "2022.10.31"]
[SourceQuality "1"]
[WhiteTeam "Kap Verde (W)"]
[BlackTeam "Hong Kong (W)"]
[WhiteTeamCountry "KAP"]
[BlackTeamCountry "HKG"]

1. e4 c5 2. Nf3 Nc6 3. Nc3 g6 4. Bb5 Bg7 5. Bxc6 dxc6 6. 0-0 Nf6 7. h3 0-0 8. d4 cxd4 9. Nxd4 Qc7 10. Be3 Rd8 11. Qc1 Nxe4 12. Rd1 Nxc3 13. bxc3 b6 14. Bh6 Bb7 15. Bxg7 Kxg7 16. Qa3 c5 17. Nb5 Qc6 18. Nxa7 Qxg2# 0-1

[Event "Online Olym Div4 A"]
[Site "Chess.com INT"]
[Date "2020.08.02"]
[Round "7.3"]
[White "Deng, Jing Xin Crystal"]
[Black "Lohani, Sujana"]
[Result "1-0"]
[WhiteElo "1914"]
[BlackElo "1698"]
[PlyCount "73"]
[EventDate "2020.07.31"]
[EventType "team-tourn (rapid)"]
[EventRounds "9"]
[EventCountry "USA"]
[SourceTitle "CBM 198"]
[Source "ChessBase"]
[SourceDate "2020.10.31"]
[SourceVersion "1"]
[SourceVersionDate "2020.10.31"]
[SourceQuality "1"]
[WhiteTeam "Hong Kong"]
[BlackTeam "Nepal"]
[WhiteTeamCountry "HKG"]
[BlackTeamCountry "NEP"]

1. d4 Nf6 2. c4 g6 3. Nc3 Bg7 4. e4 d6 5. f3 0-0 6. Be3 Nbd7 7. Bd3 c5 8. Nge2 cxd4 9. Nxd4 Ne5 10. Be2 Bd7 11. 0-0 Rc8 12. b3 Nc6 13. Qd2 Nxd4 14. Bxd4 Bc6 15. Rab1 e5 16. Be3 Qc7 17. b4 b6 18. Rfd1 Rfd8 19. Bg5 Rd7 20. Rbc1 Ne8 21. b5 Ba8 22. Nd5 Bxd5 23. cxd5 Qb7 24. Rc6 Rdc7 25. Rdc1 f6 26. Be3 Bf8 27. a4 Kf7 28. a5 bxa5 29. Qxa5 Rxc6 30. dxc6 Qc7 31. Qxa7 Be7 32. Qxc7 Nxc7 33. b6 Ne6 34. b7 Re8 35. c7 Nxc7 36. Rxc7 Kf8 37. Rc8 1-0

[Event "Online Olym Div4 A"]
[Site "Chess.com INT"]
[Date "2020.07.31"]
[Round "3.5"]
[White "Deng, Jing Xin Crystal"]
[Black "May, Hsu Lwin"]
[Result "1-0"]
[WhiteElo "1914"]
[BlackElo "2086"]
[PlyCount "101"]
[EventDate "2020.07.31"]
[EventType "team-tourn (rapid)"]
[EventRounds "9"]
[EventCountry "USA"]
[SourceTitle "CBM 198"]
[Source "ChessBase"]
[SourceDate "2020.10.31"]
[SourceVersion "1"]
[SourceVersionDate "2020.10.31"]
[SourceQuality "1"]
[WhiteTeam "Hong Kong"]
[BlackTeam "Myanmar"]
[WhiteTeamCountry "HKG"]
[BlackTeamCountry "MYA"]

1. d4 d5 2. c4 e6 3. Nf3 Nf6 4. Bg5 c6 5. e3 Nbd7 6. Nc3 h6 7. Bh4 Be7 8. Bd3 0-0 9. 0-0 Ne8 10. Bxe7 Qxe7 11. cxd5 exd5 12. Qc2 Nd6 13. Rfe1 Nf6 14. Ne5 Bd7 15. a3 Rae8 16. f3 Bc8 17. e4 dxe4 18. fxe4 c5 19. Nf3 cxd4 20. Nxd4 Ng4 21. Nd5 Qd8 22. Rad1 Ne5 23. Be2 Ng4 24. Bxg4 Bxg4 25. Nf3 Bxf3 26. gxf3 Qg5+ 27. Qg2 Qxg2+ 28. Kxg2 Kh7 29. Re2 Rc8 30. Nf6+ gxf6 31. Rxd6 Rc6 32. Rxc6 bxc6 33. Rc2 Rb8 34. Rxc6 Rxb2+ 35. Kg3 Rb6 36. Rxb6 axb6 37. Kf4 Kg6 38. a4 f5 39. exf5+ Kf6 40. h4 Ke7 41. Ke5 f6+ 42. Kd5 Kd7 43. h5 Ke7 44. Kc6 Kd8 45. Kxb6 Kc8 46. a5 Kb8 47. Kc6 Ka7 48. Kd6 Ka6 49. Ke6 Kxa5 50. Kxf6 Kb6 51. Kg7 1-0

[Event "World ol U16"]
[Site "Corum"]
[Date "2019.11.03"]
[Round "6.19"]
[White "Deng, Jing Xin Crystal"]
[Black "Laohawirapap, Prin"]
[Result "1/2-1/2"]
[WhiteElo "1944"]
[BlackElo "1774"]
[PlyCount "89"]
[EventDate "2019.10.29"]
[EventType "team-swiss"]
[EventRounds "9"]
[EventCountry "TUR"]
[SourceTitle "CBM 192 Extra"]
[Source "Chessbase"]
[SourceDate "2019.11.06"]
[SourceVersion "1"]
[SourceVersionDate "2019.11.06"]
[SourceQuality "1"]
[WhiteTeam "Hong Kong"]
[BlackTeam "Thailand"]
[WhiteTeamCountry "HKG"]
[BlackTeamCountry "THA"]

1. d4 d5 2. c4 c6 3. Nf3 Nf6 4. Nc3 dxc4 5. a4 Bf5 6. e3 e6 7. Bxc4 Nbd7 8. 0-0 Bb4 9. Nh4 Bg4 10. f3 Bh5 11. g4 Nd5 12. Ng2 Bg6 13. Qb3 Qb6 14. Bd2 a5 15. Rfd1 h5 16. g5 h4 17. h3 Be7 18. e4 Qxb3 19. Bxb3 Nxc3 20. bxc3 Rh5 21. Kf2 Bxg5 22. Bxg5 Rxg5 23. Nxh4 Bh7 24. Ng2 Rh5 25. h4 g5 26. hxg5 Rxg5 27. Rh1 Rg7 28. Ne3 0-0-0 29. Rh5 b6 30. Rah1 Nf6 31. Rh6 Bg6 32. Rg1 Rdg8 33. Ba2 Kc7 34. Ng2 Nxe4+ 35. fxe4 Bxe4 36. Rh2 Rg3 37. Bb1 Bd5 38. c4 Bxc4 39. Be4 Kd6 40. Rc1 Bd5 41. Bxd5 exd5 42. Ne3 R3g5 43. Rh6+ R8g6 44. Rxg6+ Rxg6 45. Rb1 1/2-1/2

[Event "World ol U16"]
[Site "Corum"]
[Date "2019.10.29"]
[Round "1.10"]
[White "Deng, Jing Xin Crystal"]
[Black "Ozenir, Ekin Baris"]
[Result "0-1"]
[WhiteElo "1944"]
[BlackElo "2274"]
[PlyCount "42"]
[EventDate "2019.10.29"]
[EventType "team-swiss"]
[EventRounds "9"]
[EventCountry "TUR"]
[SourceTitle "CBM 192 Extra"]
[Source "Chessbase"]
[SourceDate "2019.11.06"]
[SourceVersion "1"]
[SourceVersionDate "2019.11.06"]
[SourceQuality "1"]
[WhiteTeam "Hong Kong"]
[BlackTeam "Turkey White"]
[WhiteTeamCountry "HKG"]
[BlackTeamCountry "TUR"]

1. d4 Nf6 2. c4 e6 3. Nf3 b6 4. g3 Bb7 5. Bg2 g6 6. Nc3 Bg7 7. 0-0 0-0 8. Qc2 d5 9. Ne5 Na6 10. Rd1 Qe7 11. Be3 c5 12. Qa4 Rac8 13. Rac1 Rfd8 14. Qb5 Ne4 15. cxd5 Nxc3 16. bxc3 Nc7 17. Qb2 Nxd5 18. Nd3 Nxe3 19. fxe3 Bh6 20. Nf4 Bxg2 21. Nxg2 e5 0-1

[Event "Barbera del Valles op 42nd"]
[Site "Barbera del Valles"]
[Date "2019.07.11"]
[Round "8"]
[White "Alvarez Albiol, Victor"]
[Black "Deng, Jing Xin Crystal"]
[Result "1-0"]
[WhiteElo "2075"]
[BlackElo "1753"]
[PlyCount "85"]
[EventDate "2019.07.04"]
[EventType "swiss"]
[EventRounds "9"]
[EventCountry "ESP"]
[SourceTitle "CBM 191 Extra"]
[Source "ChessBase"]
[SourceDate "2019.09.30"]
[SourceVersion "1"]
[SourceVersionDate "2019.09.30"]
[SourceQuality "1"]

1. e4 c5 2. Nf3 Nc6 3. d4 cxd4 4. Nxd4 e5 5. Nb5 d6 6. N1c3 a6 7. Na3 b5 8. Nd5 Nge7 9. Bg5 h6 10. Bxe7 Nxe7 11. c4 Nxd5 12. Qxd5 Be6 13. Qd2 Be7 14. cxb5 Bg5 15. Qb4 a5 16. Qa4 0-0 17. Bc4 Qb6 18. 0-0 Qd4 19. Qc2 Rac8 20. b3 Bg4 21. Qd3 Qb6 22. Nb1 Kh8 23. Nc3 f5 24. h3 fxe4 25. Nxe4 Bd7 26. Qxd6 Qxd6 27. Nxd6 Rb8 28. Nf7+ Kh7 29. Nxg5+ hxg5 30. a4 g4 31. Rad1 Bf5 32. hxg4 Bxg4 33. f3 Bf5 34. Rfe1 e4 35. fxe4 Bg4 36. Rd3 Rf4 37. e5 Kg6 38. e6 Kf6 39. e7 Bh5 40. Rd6+ Kg5 41. Rd5+ Rf5 42. Rxf5+ Kxf5 43. g4+ 1-0

[Event "Hong Kong Jolimark op"]
[Site "Hong Kong"]
[Date "2018.12.23"]
[Round "3"]
[White "Deng, Jing Xin Crystal"]
[Black "Stauffer, Craig A"]
[Result "1-0"]
[WhiteElo "1791"]
[BlackElo "2136"]
[PlyCount "169"]
[EventDate "2018.12.22"]
[EventType "swiss"]
[EventRounds "9"]
[EventCountry "HKG"]
[SourceTitle "CBM 188 Extra"]
[Source "ChessBase"]
[SourceDate "2019.02.26"]
[SourceVersion "1"]
[SourceVersionDate "2019.02.26"]
[SourceQuality "1"]

1. d4 Nf6 2. c4 e6 3. Nf3 d5 4. Nc3 Bb4 5. Bg5 h6 6. Bxf6 Qxf6 7. e3 c5 8. Be2 dxc4 9. Bxc4 cxd4 10. Nxd4 0-0 11. Qb3 Qe7 12. 0-0 a6 13. a4 b6 14. Bd3 Bxc3 15. Qxc3 Bb7 16. Be2 Rc8 17. Qb3 Nd7 18. Bf3 Bxf3 19. Nxf3 Qc5 20. Rfd1 Nf6 21. Nd4 e5 22. Ne2 Qc2 23. Rd8+ Kh7 24. Qxc2+ Rxc2 25. Rxa8 Rxe2 26. Rxa6 Rxb2 27. a5 bxa5 28. R6xa5 e4 29. R5a2 Rb3 30. Rd2 Kg6 31. Kf1 h5 32. Ke2 Rb5 33. f3 Rg5 34. Kf2 Rf5 35. Ke2 h4 36. f4 Rb5 37. Ra3 Rb1 38. Rda2 Rh1 39. h3 Nh5 40. Ra1 Ng3+ 41. Kf2 Rh2 42. Ra5 f6 43. R5a4 Kf5 44. Ra5+ Kg6 45. Ra8 Rh1 46. Rxh1 Nxh1+ 47. Ke2 Ng3+ 48. Ke1 Kh7 49. Ra3 Kg6 50. Rc3 Kf7 51. Kd2 Nf5 52. Rc4 Ng3 53. Kc3 Ne2+ 54. Kb4 f5 55. Rc6 g6 56. Kc5 Nc1 57. Kd4 Nd3 58. Ra6 Nb4 59. Ra7+ Kf6 60. Kc3 Nd3 61. Kd2 Nb2 62. Rh7 Nc4+ 63. Ke2 Nd6 64. Rxh4 Kg7 65. g4 Nf7 66. gxf5 gxf5 67. Kf2 Kg6 68. Kg2 Nh6 69. Kf2 Nf7 70. Ke2 Kg7 71. Kd2 Kg6 72. Kc3 Nd6 73. Kd4 Nb5+ 74. Ke5 Na3 75. Rh8 Nc2 76. Rg8+ Kh5 77. Kxf5 Nxe3+ 78. Kxe4 Nc4 79. f5 Kh6 80. f6 Kh7 81. Rg3 Nd2+ 82. Kd5 Nf1 83. Rg1 Nd2 84. f7 Nf3 85. f8Q 1-0

[Event "CHN-chT2"]
[Site "Jiangmen"]
[Date "2018.07.11"]
[Round "3.3"]
[White "Luong, Phuong Hanh"]
[Black "Deng, Jing Xin Crystal"]
[Result "1/2-1/2"]
[WhiteElo "2141"]
[BlackElo "1845"]
[PlyCount "120"]
[EventDate "2018.07.10"]
[EventType "team-swiss"]
[EventRounds "11"]
[EventCountry "CHN"]
[SourceTitle "EXT 2019"]
[Source "ChessBase"]
[SourceDate "2018.10.10"]
[SourceVersion "1"]
[SourceVersionDate "2018.10.10"]
[SourceQuality "1"]
[WhiteTeam "Qingdao Qingwei"]
[BlackTeam "Hong Kong Chess Association"]
[WhiteTeamCountry "CHN"]
[BlackTeamCountry "HKG"]

1. d4 d5 2. c4 e6 3. Nf3 Nf6 4. g3 Be7 5. Bg2 0-0 6. 0-0 dxc4 7. Qc2 a6 8. Qxc4 b5 9. Qc2 Bb7 10. Nbd2 Nbd7 11. e4 c5 12. e5 Nd5 13. Ne4 Nb4 14. Qe2 cxd4 15. Nxd4 Nxe5 16. Rd1 Nd5 17. Qh5 Ng6 18. Qh3 Qb6 19. Bg5 Bxg5 20. Nxg5 h6 21. Ne4 Rfd8 22. Nb3 Rac8 23. Rac1 Ba8 24. Qh5 Rxc1 25. Rxc1 Nb4 26. Ra1 Nd3 27. Rf1 Nxb2 28. Nbc5 Nc4 29. Rd1 Rxd1+ 30. Qxd1 Bd5 31. Qd4 Qc6 32. Nd3 a5 33. Ne1 Nce5 34. Qe3 b4 35. h4 Ng4 36. Qe2 Qc1 37. Bf1 N4e5 38. Nd2 Bxa2 39. h5 Ne7 40. Qxe5 Qxd2 41. Qxa5 Qxe1 42. Qxa2 g6 43. Qa7 Kf8 44. Qb8+ Kg7 45. Qb7 Nd5 46. hxg6 Kxg6 47. Qb8 Kg7 48. Qb5 Qd1 49. Kg2 Qc2 50. Bd3 Qc3 51. Bb1 b3 52. Qe2 Qd4 53. Kh2 b2 54. Qc2 Nf6 55. Kg1 e5 56. Kg2 e4 57. Qe2 Kh8 58. Kg1 Kg7 59. Kg2 Kh8 60. Kh3 Kg7 1/2-1/2

[Event "Hong Kong Jolimark op"]
[Site "Hong Kong"]
[Date "2017.12.26"]
[Round "8"]
[White "Deng, Jing Xin Crystal"]
[Black "Shih, Lu Chung"]
[Result "1-0"]
[WhiteElo "1741"]
[BlackElo "1517"]
[PlyCount "73"]
[EventDate "2017.12.23"]
[EventType "swiss"]
[EventRounds "9"]
[EventCountry "HKG"]
[SourceTitle "CBM 182 Extra"]
[Source "ChessBase"]
[SourceDate "2018.02.23"]
[SourceVersion "1"]
[SourceVersionDate "2018.02.23"]
[SourceQuality "1"]

1. d4 Nf6 2. c4 c5 3. d5 e6 4. Nc3 exd5 5. cxd5 d6 6. Nf3 g6 7. h3 Bg7 8. e4 0-0 9. Bd3 a6 10. a4 Re8 11. 0-0 Nh5 12. Re1 Nd7 13. Bg5 Bf6 14. Bd2 Ne5 15. Be2 Nxf3+ 16. Bxf3 Ng7 17. Bf4 Bd4 18. Qd2 f5 19. exf5 Bxf5 20. Rxe8+ Nxe8 21. Re1 Qh4 22. Re2 b5 23. Ne4 Qd8 24. Ng3 Bd7 25. Bg5 Qb6 26. Re7 Bf5 27. Nxf5 gxf5 28. Qf4 Ng7 29. Bh6 Bf6 30. Qg3 Ra7 31. Rxa7 Qxa7 32. Qxd6 Qe7 33. Qb8+ Kf7 34. Bf4 Bd4 35. Kf1 Qd7 36. d6 Ne8 37. Bh5+ 1-0

[Event "Hong Kong Jolimark op"]
[Site "Hong Kong"]
[Date "2017.12.23"]
[Round "2"]
[White "Deng, Jing Xin Crystal"]
[Black "Limbu, Purna Ram Senehang"]
[Result "1/2-1/2"]
[WhiteElo "1741"]
[BlackElo "1781"]
[PlyCount "141"]
[EventDate "2017.12.23"]
[EventType "swiss"]
[EventRounds "9"]
[EventCountry "HKG"]
[SourceTitle "CBM 182 Extra"]
[Source "ChessBase"]
[SourceDate "2018.02.23"]
[SourceVersion "1"]
[SourceVersionDate "2018.02.23"]
[SourceQuality "1"]

1. d4 c6 2. c4 Nf6 3. Nc3 d5 4. Nf3 h6 5. Bf4 Bg4 6. e3 e6 7. Bd3 Bd6 8. Bxd6 Qxd6 9. h3 Bxf3 10. Qxf3 Nbd7 11. cxd5 exd5 12. 0-0 0-0 13. Rac1 Rfe8 14. Rfd1 Kh8 15. a3 Re7 16. Na4 Rae8 17. Nc5 Nf8 18. Bb1 Kg8 19. Nd3 Ng6 20. Nc5 Nf8 21. Qe2 Ne6 22. Nxe6 Qxe6 23. Qf3 Ne4 24. Bxe4 Qxe4 25. Qxe4 Rxe4 26. Rc3 f5 27. Rb3 R8e7 28. g3 g5 29. Kg2 Kg7 30. Rdd3 h5 31. Kf3 Kf6 32. Ke2 f4 33. gxf4 Rxf4 34. Kf1 Rf3 35. Kg2 g4 36. hxg4 hxg4 37. Rd1 Kg5 38. Rbd3 Ref7 39. R3d2 Rh7 40. Rh1 Rfh3 41. Rdd1 Kf5 42. Rxh3 Rxh3 43. Rh1 Ke4 44. Rd1 Rf3 45. Rd2 b6 46. Rc2 Rf6 47. Rc3 Rg6 48. Kg3 Rf6 49. Kg2 a5 50. b3 b5 51. b4 axb4 52. axb4 Kf5 53. Kg3 Kg5 54. Rc1 Rh6 55. Kg2 Kf5 56. Rc3 Rf6 57. Rc2 Ke4 58. Rc3 Rd6 59. Kg3 Rf6 60. Kg2 Kf5 61. Rc1 Rh6 62. Kg3 Rg6 63. Rc3 Ke4 64. Kg2 Kf5 65. Kg3 Kg5 66. Rc1 Rh6 67. Kg2 Kf5 68. Rc3 Ke4 69. Kg3 Rf6 70. Kg2 Kf5 71. Kg3 1/2-1/2

[Event "Hong Kong Jolimark op"]
[Site "Hong Kong"]
[Date "2016.12.28"]
[Round "6"]
[White "Wong, Brian"]
[Black "Deng, Jing Xin Crystal"]
[Result "1-0"]
[WhiteElo "2002"]
[BlackElo "1703"]
[PlyCount "99"]
[EventDate "2016.12.26"]
[EventType "swiss"]
[EventRounds "9"]
[EventCountry "HKG"]
[SourceTitle "CBM 176 Extra"]
[Source "ChessBase"]
[SourceDate "2017.03.02"]
[SourceVersion "1"]
[SourceVersionDate "2017.03.02"]
[SourceQuality "1"]

1. b4 d5 2. c4 e6 3. cxd5 exd5 4. Qb3 Nf6 5. Nf3 Bd6 6. Nc3 Be6 7. d4 h6 8. e3 0-0 9. a4 b6 10. Ba3 Qe7 11. Bd3 Nc6 12. b5 Na5 13. Bxd6 Qxd6 14. Qc2 Rac8 15. 0-0 c5 16. bxc6 Qxc6 17. Rfc1 Nc4 18. Qe2 Qa8 19. h3 Nd6 20. Ba6 Rc7 21. Nb5 Nxb5 22. axb5 Rxc1+ 23. Rxc1 Bc8 24. Qa2 Bf5 25. Ne5 Ne4 26. Nc6 Be6 27. Ne7+ Kh8 28. Rc7 Nd6 29. Nc6 Qe8 30. Re7 Qa8 31. Qa3 Nc4 32. Qb4 Na5 33. Rxa7 Nxc6 34. Rxa8 Rxa8 35. Qd6 Na5 36. Qxb6 Nc4 37. Qc6 Rb8 38. g4 Kh7 39. f4 g6 40. Kf2 Rd8 41. Qc7 Rd7 42. Qc5 Rd6 43. Bb7 Nd2 44. Qc2 Nc4 45. e4 dxe4 46. d5 e3+ 47. Ke2 Na5 48. Qc7 Nxb7 49. dxe6 Rxe6 50. Qxf7+ 1-0

[Event "Olympiad Women-42"]
[Site "Baku"]
[Date "2016.09.05"]
[Round "4.45"]
[White "Deng, Jing Xin Crystal"]
[Black "Abdulzahra, Sali Abbas"]
[Result "0-1"]
[WhiteElo "1625"]
[BlackElo "1728"]
[PlyCount "122"]
[EventDate "2016.09.02"]
[EventType "team-swiss"]
[EventRounds "11"]
[EventCountry "AZE"]
[SourceTitle "CBM 174 Extra"]
[Source "ChessBase"]
[SourceDate "2016.10.10"]
[SourceVersion "1"]
[SourceVersionDate "2016.10.10"]
[SourceQuality "1"]
[WhiteTeam "Hong Kong (W)"]
[BlackTeam "Iraq (W)"]
[WhiteTeamCountry "HKG"]
[BlackTeamCountry "IRQ"]

1. d4 d5 2. c4 c6 3. Nf3 Nf6 4. Nc3 g6 5. Bf4 Bg7 6. e3 0-0 7. Qb3 dxc4 8. Bxc4 Nbd7 9. Ng5 Qe8 10. Bc7 h6 11. Nf3 b6 12. 0-0 Bb7 13. Rfe1 Qc8 14. Bg3 c5 15. Nh4 e6 16. Nb5 Ne4 17. Nc7 Nxg3 18. Nxa8 Ne4 19. Bxe6 fxe6 20. Qxe6+ Kh8 21. Nxg6+ Kh7 22. Nxf8+ Qxf8 23. f3 Ng5 24. Qxd7 Nxf3+ 25. gxf3 Qxf3 26. e4 Bc8 27. Qxg7+ Kxg7 28. Rad1 Bb7 29. dxc5 Qg4+ 30. Kf2 Qf4+ 31. Kg1 Qg5+ 32. Kf1 Bxa8 33. Rd7+ Kf6 34. Rxa7 Qf4+ 35. Kg1 Qg4+ 36. Kf2 Bxe4 37. Rf1 Ke6 38. Ra3 Qf4+ 39. Kg1 Qg5+ 40. Kf2 Qxc5+ 41. Re3 Kd6 42. Rd1+ Kc7 43. Rde1 Qf5+ 44. Ke2 Qb5+ 45. Kd1 Qh5+ 46. Kc1 Bg6 47. R1e2 Qf5 48. Kd2 Qd5+ 49. Ke1 Bh5 50. Rc2+ Kb8 51. Rec3 Qh1+ 52. Kf2 Qxh2+ 53. Ke3 Qg3+ 54. Kd4 Qf4+ 55. Kd5 Bf7+ 56. Kc6 Qc7+ 57. Kb5 Be8+ 58. Kb4 Qd6+ 59. Kb3 Qd5+ 60. Kb4 Qb5+ 61. Ka3 Qa4# 0-1

[Event "Olympiad Women-42"]
[Site "Baku"]
[Date "2016.09.02"]
[Round "1.38"]
[White "Georgescu, Lena"]
[Black "Deng, Jing Xin Crystal"]
[Result "1-0"]
[WhiteElo "2164"]
[BlackElo "1625"]
[PlyCount "111"]
[EventDate "2016.09.02"]
[EventType "team-swiss"]
[EventRounds "11"]
[EventCountry "AZE"]
[SourceTitle "CBM 174 Extra"]
[Source "ChessBase"]
[SourceDate "2016.10.10"]
[SourceVersion "1"]
[SourceVersionDate "2016.10.10"]
[SourceQuality "1"]
[WhiteTeam "Switzerland (W)"]
[BlackTeam "Hong Kong (W)"]
[WhiteTeamCountry "SUI"]
[BlackTeamCountry "HKG"]

1. e4 c5 2. Nc3 Nc6 3. Bb5 g6 4. Bxc6 dxc6 5. d3 Bg7 6. Be3 b6 7. Qd2 Nf6 8. Bh6 0-0 9. Bxg7 Kxg7 10. f4 Ba6 11. b3 Qd7 12. Nf3 Rac8 13. 0-0 Rfd8 14. f5 c4 15. bxc4 Bxc4 16. e5 Ne8 17. Qf4 Bd5 18. Ng5 h6 19. e6 Qc7 20. Nxf7 Qxf4 21. Rxf4 gxf5 22. Nxd8 Rxd8 23. Re1 Kg6 24. Re5 Ng7 25. Nxd5 cxd5 26. Rd4 Rc8 27. Re2 Rc5 28. Ra4 a5 29. Rh4 Rc6 30. Rd4 Rc5 31. c4 dxc4 32. Rxc4 Rd5 33. Re3 Kf6 34. Rc6 b5 35. Rh3 h5 36. Kf2 b4 37. Ke2 Ke5 38. Re3+ Kf6 39. Ra6 Rc5 40. Kd2 f4 41. Rf3 Rf5 42. Rf1 h4 43. d4 Nh5 44. Kd3 Rg5 45. Rf2 Rf5 46. Ke4 Kg6 47. Rc2 Nf6+ 48. Kf3 Rd5 49. Rc4 Ne8 50. Ke4 Rf5 51. Rc5 Rf6 52. d5 h3 53. Rc2 hxg2 54. Rxg2+ Kh6 55. Kf3 Nd6 56. Rxd6 1-0

[Event "World ol U16"]
[Site "Poprad"]
[Date "2016.07.22"]
[Round "1.4"]
[White "Deng, Jing Xin Crystal"]
[Black "Martinovici, Ilie"]
[Result "0-1"]
[WhiteElo "1653"]
[BlackElo "2097"]
[PlyCount "73"]
[EventDate "2016.07.22"]
[EventType "team-swiss"]
[EventRounds "9"]
[EventCountry "SVK"]
[SourceTitle "EXT 2017"]
[Source "ChessBase"]
[SourceDate "2016.10.25"]
[SourceVersion "1"]
[SourceVersionDate "2016.10.25"]
[SourceQuality "1"]
[WhiteTeam "Hong Kong"]
[BlackTeam "Moldova"]
[WhiteTeamCountry "HKG"]
[BlackTeamCountry "MDA"]

1. d4 d5 2. c4 c6 3. Nf3 Nf6 4. Nc3 a6 5. a4 e6 6. Bg5 Be7 7. e3 a5 8. Bd3 0-0 9. 0-0 h6 10. Bh4 Na6 11. cxd5 exd5 12. Rc1 Nb4 13. Bb1 Bg4 14. h3 Bh5 15. Qe2 Ne4 16. Bxe7 Qxe7 17. g4 Bg6 18. Kh1 Rae8 19. Rg1 f5 20. Ne5 Qh4 21. Kh2 fxg4 22. Qxg4 Rxf2+ 23. Rg2 Qxg4 24. hxg4 Rxg2+ 25. Kxg2 Bh7 26. Rf1 Nf6 27. Bxh7+ Kxh7 28. Kg3 Nc2 29. Rf3 c5 30. Nb5 cxd4 31. Nxd4 Ne1 32. Rf1 Rxe5 33. Rxe1 Re4 34. Kf3 Nxg4 35. b3 Nxe3 36. Nb5 Nc4 37. Ra1 0-1